Gastrin stimulates MMP-1 expression in gastric epithelial cells putative role in gastric epithelial cell migration /

Elmentve itt :
Bibliográfiai részletek
Szerzők: Kumar Dinesh J.
Steele Islay
Moore Andrew R.
Murugesan Senthil V.
Rakonczay Zoltán, ifj
Venglovecz Viktória
Pritchard Mark D.
Dimaline Rodney
Tiszlavicz László
Varró Andrea
Dockray Graham J.
Dokumentumtípus: Cikk
Megjelent: 2015
Sorozat:AMERICAN JOURNAL OF PHYSIOLOGY: GASTROINTESTINAL AND LIVER PHYSIOLOGY 309 No. 2
Tárgyszavak:
doi:10.1152/ajpgi.00084.2015

mtmt:2889999
Online Access:http://publicatio.bibl.u-szeged.hu/5921
LEADER 01199nab a2200337 i 4500
001 publ5921
005 20220922131939.0
008 151210s2015 hu o 0|| zxx d
022 |a 0193-1857 
024 7 |a 10.1152/ajpgi.00084.2015   |2 doi 
024 7 |a 2889999  |2 mtmt 
040 |a SZTE Publicatio Repozitórium  |b hun 
041 |a zxx 
100 1 |a Kumar Dinesh J. 
245 1 0 |a Gastrin stimulates MMP-1 expression in gastric epithelial cells  |h [elektronikus dokumentum] :  |b putative role in gastric epithelial cell migration /  |c  Kumar Dinesh J. 
260 |c 2015 
300 |a 9 
300 |a G78-G86 
490 0 |a AMERICAN JOURNAL OF PHYSIOLOGY: GASTROINTESTINAL AND LIVER PHYSIOLOGY  |v 309 No. 2 
650 4 |a Klinikai orvostan 
700 0 1 |a Steele Islay  |e aut 
700 0 1 |a Moore Andrew R.  |e aut 
700 0 1 |a Murugesan Senthil V.  |e aut 
700 0 1 |a Rakonczay Zoltán, ifj.  |e aut 
700 0 1 |a Venglovecz Viktória  |e aut 
700 0 1 |a Pritchard Mark D.  |e aut 
700 0 1 |a Dimaline Rodney  |e aut 
700 0 1 |a Tiszlavicz László  |e aut 
700 0 1 |a Varró Andrea  |e aut 
700 0 1 |a Dockray Graham J.  |e aut 
856 4 0 |u http://publicatio.bibl.u-szeged.hu/5921/1/2889999_Kumar.pdf  |z Dokumentum-elérés